Pierre the penguin : (Record no. 2534)

MARC details
000 -LEADER
fixed length control field 01297cam a2200337 a 4500
005 - DATE AND TIME OF LATEST TRANSACTION
control field 20250826092109.0
020 ## - INTERNATIONAL STANDARD BOOK NUMBER
International Standard Book Number 9780545346405
040 ## - CATALOGING SOURCE
Original cataloging agency DLC
Transcribing agency DLC
Modifying agency IG#
-- BTCTA
-- QBX
-- YDXCP
-- XY4
-- DLC
Language of cataloging eng
050 00 - LIBRARY OF CONGRESS CALL NUMBER
Classification number QL696.S473
082 00 - DEWEY DECIMAL CLASSIFICATION NUMBER
Classification number 598.47
100 1# - MAIN ENTRY--PERSONAL NAME
Personal name Marzollo, Jean
245 10 - TITLE STATEMENT
Title Pierre the penguin :
Remainder of title A true story /
Statement of responsibility, etc. Written by Jean Marzollo ; illustrated by Laura Regan
250 ## - EDITION STATEMENT
Edition statement This edition first printing, October 2011
260 ## - PUBLICATION, DISTRIBUTION, ETC.
Place of publication, distribution, etc. New York :
Name of publisher, distributor, etc. Scholastic,
Date of publication, distribution, etc. 2011
300 ## - PHYSICAL DESCRIPTION
Extent 29 unnumbered pages :
Other physical details color illustrations ;
Dimensions 24 cm
505 ## - FORMATTED CONTENTS NOTE
Formatted contents note K <br/>
520 ## - SUMMARY, ETC.
Summary, etc. Rhyming text and colorful illustrations describe the efforts of aquatic biologist Pam to help Pierre, an African penguin living at the California Academy of Sciences, when he begins to go bald.
521 ## - TARGET AUDIENCE NOTE
Target audience note 510 AD <br/>
Source Lexile <br/>
521 ## - TARGET AUDIENCE NOTE
Target audience note K <br/>
Source Raz-Plus <br/>
650 #0 - SUBJECT ADDED ENTRY--TOPICAL TERM
Topical term or geographic name entry element Jackass penguin
General subdivision Health
Form subdivision Juvenile literature.
650 #0 - SUBJECT ADDED ENTRY--TOPICAL TERM
Topical term or geographic name entry element Feathers
General subdivision Diseases
Form subdivision Juvenile literature.
650 #0 - SUBJECT ADDED ENTRY--TOPICAL TERM
Topical term or geographic name entry element Bathing suits
Form subdivision Juvenile literature.
650 #1 - SUBJECT ADDED ENTRY--TOPICAL TERM
Topical term or geographic name entry element African penguins
General subdivision Health.
650 #1 - SUBJECT ADDED ENTRY--TOPICAL TERM
Topical term or geographic name entry element Penguins
General subdivision Health.
650 #1 - SUBJECT ADDED ENTRY--TOPICAL TERM
Topical term or geographic name entry element Feathers
General subdivision Diseases.
650 #1 - SUBJECT ADDED ENTRY--TOPICAL TERM
Topical term or geographic name entry element Bathing suits.
700 1# - ADDED ENTRY--PERSONAL NAME
Personal name Regan, Laura
Relator term illustrator
906 ## - LOCAL DATA ELEMENT F, LDF (RLIN)
a 7
b cbc
c orignew
d 1
e ecip
f 20
g y-gencatlg
942 ## - ADDED ENTRY ELEMENTS (KOHA)
Source of classification or shelving scheme Dewey Decimal Classification
Koha item type Books
Suppress in OPAC No
999 ## -
-- 2534
-- 2534
Holdings
Withdrawn status Lost status Source of classification or shelving scheme Damaged status Not for loan Collection Home library Current library Shelving location Date acquired Total Checkouts Full call number Barcode Date last seen Date last checked out Price effective from Koha item type Copy number
    Dewey Decimal Classification     Non-Fiction Footprints International School Library Network Toul Kork Campus Footprints International School Library Network Toul Kork Campus   12/14/2023 1 MAR 598.47 QL696.S473 FISBK05082 04/10/2025 02/20/2024 12/14/2023 Books  
    Dewey Decimal Classification     Non-Fiction Footprints International School Library Network Toul Kork Campus Footprints International School Library Network Toul Kork Campus TK Primary Library Room(4th Floor), Bookcase 1&2, Shelves 1-16, Dark Blue Books 01/31/2025   MAR 598.47 QL696.S473 FISTK02592 01/31/2025   01/31/2025 Books 2
    Dewey Decimal Classification     Non-Fiction Footprints International School Library Network Toul Tom Poung Campus Footprints International School Library Network Toul Tom Poung Campus TTP Primary Dark Blue Bookshelves 08/26/2025   MAR 598.47 QL696.S473 FISBK05075 08/26/2025   08/26/2025 Books 3